000 00594nam a2200229Ia 4500
003 OSt
005 20220924143942.0
006 a|||||r|||| 00| 0
007 ta
008 220923b |||||||| |||| 00| 0 urd d
024 _a311201
037 _cTextual
040 _aARTS
_cARTS
_burd
041 _2urd
_aurd
082 _aO168,1xN3, K5
100 _aAdeed Bushra Nahid
_9216891
245 0 _aMuntakhib tanz-o-mazahiya nazmen
260 _c1965
650 _aURDU LITERATURE
942 _hO168,1xN3, K5
_cTEXL
_2CC
999 _c455884
_d455884